000 00516nam a2200169 a 4500
001 000048363
005 20201002061111.0
008 190212s2015 dr 000 0 spa d
020 _a9789802078998
040 _aDO-SdBNP
_bspa
_cBNPHU
082 _axxx
_bG255u
100 1 _aGastedelli, Ivana
_975776
245 1 0 _aSoy cristiano :
_buna herencia desconocida /
_cIvana Gastaldelli.
260 _aSanto Domingo, :
_bPaulinas
_bSusaeta ediciones,
_c2015.
300 _a191 p. ;
_c21 cm.
590 _aInventariado, 2019/ YL
999 _c47851
_d47851